000
00258nam a2200109Ia 4500
008
230907s9999||||xx |||||||||||||| ||und||
082
_a
697.93
245
0
_a
UFAD guide :
260
_a
ASHRAE,
_b
Atlanta, GA :
_c
2013
300
_a
ix, 323 pages :
942
_c
BK
999
_c
599534
_d
599534